000 00595nam a22002177a 4500
003 UA-OsUOA
001 118337
007 ta
008 20160808b un ||||| |||| 00| 0 ukr d
100 _aХалимоненко Г.
090 _a93
_bХ17
942 _cSA
040 _aUA-OsUOA
_bukr
_cUA-OsUOA
_dUA-OsUOA
245 _aАспарух, Кубрат та інші. Звідкі пішла болгарська земля
300 _aС.15
955 _a0
041 _aukr
080 _a93
773 0 _w118336
650 7 _a9 Географія. Біографії. Історія
_2UDC
999 _c404401
_d404401